BRIDGE INSPECTION AND REHABILITATION (Record no. 547237)
[ view plain ]
| 000 -LEADER | |
|---|---|
| fixed length control field | 00452 a2200157 4500 |
| 020 ## - INTERNATIONAL STANDARD BOOK NUMBER | |
| International Standard Book Number | 0-309-03513-9 |
| 082 ## - DEWEY DECIMAL CLASSIFICATION NUMBER | |
| Classification number | 624.281 NAT |
| 090 ## - LOCALLY ASSIGNED LC-TYPE CALL NUMBER (OCLC); LOCAL CALL NUMBER (RLIN) | |
| -- | 3255 |
| -- | 3255 |
| 110 ## - MAIN ENTRY--CORPORATE NAME | |
| Corporate name or jurisdiction name as entry element | TRANSPORTATION RESEARCH BOARD |
| 9 (RLIN) | 43419 |
| 245 ## - TITLE STATEMENT | |
| Title | BRIDGE INSPECTION AND REHABILITATION |
| 260 ## - PUBLICATION, DISTRIBUTION, ETC. | |
| Place of publication, distribution, etc. | WASHINGTON |
| Name of publisher, distributor, etc. | NATIONAL ACADEMY OF SCIENCE |
| 300 ## - PHYSICAL DESCRIPTION | |
| Extent | 76 P |
| Dimensions | 24 CM |
| 500 ## - GENERAL NOTE | |
| General note | BRIDGE DESIGN |
| 526 ## - STUDY PROGRAM INFORMATION NOTE | |
| Program name | 0 |
| Interest level | 0 |
| Reading level | 0 |
| Title point value | 624_281000000000000_NAT |
| 942 ## - ADDED ENTRY ELEMENTS (KOHA) | |
| Source of classification or shelving scheme | |
| Institution code [OBSOLETE] | MCE |
| Koha item type | |
| Call number prefix | 624.281 NAT |
| Withdrawn status | Lost status | Source of classification or shelving scheme | Damaged status | Not for loan | Permanent Location | Current Location | Date acquired | Total Checkouts | Full call number | Barcode | Date last seen | Price effective from | Koha item type |
|---|---|---|---|---|---|---|---|---|---|---|---|---|---|
| Military College of Engineering (MCE) | Military College of Engineering (MCE) | 07/04/2014 | 624.281 NAT | MCE-42299 | 07/04/2014 | 07/04/2014 |
